LEADER 01224nam--2200361---450- 001 990002058570203316 005 20090210093715.0 035 $a000205857 035 $aUSA01000205857 035 $a(ALEPH)000205857USA01 035 $a000205857 100 $a20041006d1982----km-y0itay0103----ba 101 0 $aita 102 $aIT 105 $aa|||||||001yy 200 1 $aBilanci delle Societā controllate e collegate$eart. 2424 del Codice Civile ultimo comma$eallegato al fascicolo Relazioni e Bilancio al 31 dicembre 1978 della Banca Commerciale Italiana$fBanca commerciale italiana 210 $aMilano$cBanca commerciale italiana$d1982 215 $a131 p.$cill.$d28 cm 410 0$12001 454 1$12001 461 1$1001-------$12001 606 0 $aBanca commerciale italiana$xBilancio$z1981 676 $a332 710 02$aBanca commerciale italiana$0375079 801 0$aIT$bsalbc$gISBD 912 $a990002058570203316 951 $a332 BIL 2 (IRA 31 119)$b6382 E.C.$cIRA$d00012762 959 $aBK 969 $aECO 979 $aSIAVPROV$b10$c20041006$lUSA01$h1753 979 $aRSIAV2$b90$c20090210$lUSA01$h0937 996 $aBilanci delle Societā controllate e collegate$91042929 997 $aUNISA LEADER 01738nam--2200505---450- 001 990002038760203316 005 20091130100807.0 010 $a88-555-2674-X 035 $a000203876 035 $aUSA01000203876 035 $a(ALEPH)000203876USA01 035 $a000203876 100 $a20040930d2002----km-y0enga50------ba 101 0 $aita 102 $aIT 105 $ay|||z|||001yy 200 1 $aMetodi statistici elementari per la geografia$estrumenti per l'analisi dei dati, il confronto quantitativo, lo studio e l'interpretazione delle relazioni spaziali con l'ausilio del calcolatore elettronico$fLuca Romagnoli 210 $aBologna$cPātron$d2002 215 $a298 p.$d21 cm 225 2 $aGeografia e organizzazione dello sviluppo territoriale$v40 606 0 $aGeografia$xRicerche$xMetodi statistici 676 $a910.727 700 1$aROMAGNOLI,$bLuca$0271226 801 0$aIT$bsalbc$gISBD 912 $a990002038760203316 951 $aIII.1. 425(I A 600)$b43079 G.$cI A$d00137684 951 $aIII.1. 425a(I A 600a)$b43080$cI A 951 $aIII.1. 425b(I A 600bis)$b43078 G.$cI A 951 $aIII E ROM 1$b7770 DBC$cIII E 951 $a900 910.727 ROM$b14776 DISES 959 $aBK 969 $aUMA 969 $aDBC 969 $aDISES 979 $aMARIA$b10$c20040930$lUSA01$h0935 979 $aPAOLA$b90$c20041108$lUSA01$h1828 979 $aPAOLA$b90$c20041108$lUSA01$h1831 979 $aCOPAT2$b90$c20050228$lUSA01$h1009 979 $aDBC$b90$c20091130$lUSA01$h1008 979 $c20121027$lUSA01$h1550 979 $c20121027$lUSA01$h1602 979 $c20121027$lUSA01$h1611 996 $aMetodi statistici elementari per la geografia$968010 997 $aUNISA DEB $aUSA17792